Music Quiz

Random Music or Song Quiz
Score 0/33 Timer 09:00
2 Plays Today
% Correct
so
84.2%
low
83.5%
show
82.1%
slow
81.3%
foe
80.6%
mow
77.2%
dough
77.1%
snow
77%
fro
76.4%
no
76%
go
75.9%
throw
75.6%
blow
74.6%
sow
72.6%
know
72.4%
row
72.4%
toe
71.2%
% Correct
woe
71%
glow
69%
grow
66.4%
Joe
65.1%
sew
64.6%
Beau
60%
bow
58.9%
sloe
57.8%
though
56.8%
crow
56.2%
flow
54.9%
yo
52.6%
schmo
49.7%
tow
46.4%
owe
39.1%
pro
33.2%
Remove Ads.
Support Sporcle.
Get the best of Sporcle when you Go Orange. This ad-free experience offers more features, more stats, and more fun while also helping to support Sporcle. Thank you for becoming a member.

You're not logged in!

Compare scores with friends on all Sporcle quizzes.
OR
Log In

Show Comments

Extras

Top Quizzes Today


Score Distribution

Your Account Isn't Verified!

In order to create a playlist on Sporcle, you need to verify the email address you used during registration. Go to your Sporcle Settings to finish the process.

Report this User

Report this user for behavior that violates our Community Guidelines.

Details: